| 000 | 00905nmm a2200277 a 4500 | ||
|---|---|---|---|
| 001 | ocm000746586 | ||
| 003 | TR-IsHL | ||
| 005 | 20201028153652.0 | ||
| 008 | 140402s2000 tu tur | ||
| 007 | cr cn | ||
| 020 | _a9789754825046 | ||
| 035 |
_a746586 _b(N$T) |
||
| 050 | 0 | 4 |
_aTN560 _b.G69 2000 |
| 090 | 0 | 4 |
_aTN560 _b.G69 2000 |
| 100 | 1 | _aGöymen, Güner | |
| 245 | 1 | 0 |
_aCevher mikroskobisi _h[electronic resource] / _cGüner Göymen ; Şükrü Koç |
| 260 |
_aAnkara : _bAnkara Üniversitesi Fen Fakültesi, _c2000 |
||
| 300 | _a116 p. | ||
| 650 | 4 | _aMühendislik ve Teknoloji | |
| 650 | 4 | _aEngineering and Technology | |
| 650 | 0 |
_aMineraloji _x Madenler |
|
| 650 | 0 |
_aMineralogy _x Mining |
|
| 650 | 7 |
_aTECHNOLOGY & ENGINEERING / Mining _2bisacsh |
|
| 700 | 1 | _aKoç, Şükrü | |
| 856 | 4 | 0 | _uhttp://search.ebscohost.com/login.aspx?direct=true&scope=site&db=e011xww&AN=746586 |
| 999 |
_c12171 _d12171 |
||